000
00340nam a22001457a 4500
008
221114b ||||| |||| 00| 0 eng d
020
_a
3540098305
041
_a
eng
080
_2
volume 23/24
_a
521
082
_a
521 BOH
100
_a
19.1
101
_a
AST
245
_a
ASTRONOMY AND ASTROPHYSICS ABSTRACTS
_c
BOHME S
942
_2
udc
_c
BK
999
_c
58873
_d
58873